Statystyki dla Najdłuższe rzeki w Ameryce południowej

Kliknij tutaj aby rozwiązać quiz!

Ogólne statystyki

  • Ten quiz został rozwiązany 9 razy
  • Średni wynik to 3 z 7

Statystyki odpowiedzi

KmRzeka% Poprawnych
7040Amazonka
100%
2160Orinoko
78%
4700Parana
78%
2200Urugwaj
44%
2896Sao Francisco
22%
1540Magdalena
11%
1400Parnaiba
0%

Rozkład punktacji

Percentyl według liczby udzielonych odpowiedzi

Procent ludzi z każdym wynikiem

Twoja historia wyników

Nie rozwiązałeś tego quizu